000 00803nam a22002177a 4500
999 _c4221
_d4221
003 AR-CdUCM
008 190308b ||||| |||| 00| 0 spa d
020 _a950-9001-58-9
040 _aMUNICIPALIDAD PROVINCIAL DEL CUSCO
_cBIBLIOTECA MUNICIPAL DEL CUSCO
082 _a396 /
_bB15
110 _aDepartamento de estudios de la casa universal de justicia
_913364
245 _aLa mujer /
260 _aBuenos Aires :
_bGermano Artes Gráficos,
_c1986.
300 _a110 paginas ;
_c16 cm.
505 _aContenido : El concepto de igualdad -- El papel de la educación en el desarrollo de la mujer -- La mujer en el mundo ...
650 _aLa mujer en Argentina
_913365
650 _aLa mujer en americalatina
_913366
650 _aLa mujer en el mundo
_913367
942 _2ddc
_cLIBROS
945 _arah